Wörter mit geographischem Ursprung - Statistiken

Allgemein
  • Dieses Quiz wurde 123 mal gespielt
  • Das Durchschnittsergebnis liegt bei 4 aus 10
Antwortstatistiken
Hint Antwort % Korrekt
Indianer Indien (in diesem Falle fälschlicherweise da die Annahme war man würde duch Segeln nach Westen direkt nach Indien gelangen)
94%
Polonium Polen
86%
Bohéme Böhmen
65%
Borussia Preußen
56%
Krawatte Kroatien
26%
lakonisch Sparta, bzw. Lakonien
20%
Forint ( die ungarische Währung) Florenz (von der Münzart Florentiner)
18%
Paladin, Palast, Pfalz Palatin (einer der sieben römischen Hügel)
13%
Bajonett Bayonne, eine französische Stadt
11%
Kupfer Zypern (in der Antike ein Hauptproduzent)
9%
Keine übereinstimmenden Quizze gefunden
Verteilung der Resultate
Anzahl Personen mit jedem Resultat
Perzentil nach korrekt beantworteten Fragen
Ihre Resultats-Entwicklung
Sie haben dieses Quiz noch nicht gespielt